| 000 | 00547nam a2200193 a 4500 | ||
|---|---|---|---|
| 005 | 20140310183145.0 | ||
| 008 | 021017s19uu xx 00 eng d | ||
| 050 |
_aHF 5718 _b.H45 1998 |
||
| 100 | _aHeller, Robert | ||
| 245 |
_aCommunicate clearly / _cRobert Heller. |
||
| 300 |
_a72 p. : _bcol. ill. ; _c15 cm. |
||
| 521 | _aBSBA | ||
| 650 | _aBusiness communication | ||
| 650 | _aInterpersonal communication | ||
| 650 | _aCommunication in management | ||
| 650 | _aCommunication in organization | ||
| 942 |
_cBK _2lcc _kFOR |
||
| 999 |
_c19516 _d19516 |
||